000
00307nam a22001337a 4500
020
_a
0-88899-221-1
082
_a
823
_b
LOT/T
100
_a
LOOTRIDGE, CELIA BARKER
245
_a
TICKET TO CURLEW
260
_a
TORONTO
_b
GROUNDWOOD BOOKS
_c
1999
300
_a
144
650
_a
NOVEL
_z
UNITED STATES
942
_c
BK
999
_c
3467
_d
3467